| 000 | 00727nam1a22002171i 4500 | ||
|---|---|---|---|
| 001 | rc\2939398 | ||
| 005 | 20240723215158.0 | ||
| 035 | _a(NLR Aleph) 007088297 | ||
| 090 |
_a6547407 _c6547407 |
||
| 100 | _a20110824d1934 |||y0rusy50 ca | ||
| 101 | 0 | _arus | |
| 102 | _aRU | ||
| 105 | _ay j ||||| | ||
| 200 | 1 |
_aМатериалы по подготовке школ к 1934/35 учебному году _eВып. 2- _fШкольное упр. НКП РСФСР |
|
| 210 |
_a[Москва] _cУчпедгиз _d1934 |
||
| 215 | _d17х25 см | ||
| 517 | 0 | 0 | _aМатериалы по подготовке к 1934/35 учеб. году |
| 801 | 0 |
_aRU _bNLR _gpsbo |
|
| 801 | 1 |
_aRU _bELAR _2rusmarc |
|
| 852 |
_aNLR _j34-19/245 |
||
| 942 | _cBOOK | ||